| Tag |
First Indicator |
Second Indicator |
Subfields |
| LEADER |
00000cam a2200000 a 4500 |
| 001 |
in00001027556 |
| 005 |
20150928093049.0 |
| 008 |
901026s1991 nju b 0010 eng |
| 010 |
|
|
|a 90022302
|
| 020 |
|
|
|a 0691078777 :
|c 35.00
|
| 035 |
|
|
|a (OCoLC)22735027
|
| 035 |
|
|
|9 AFF2415AM
|
| 040 |
|
|
|a DLC
|c DLC
|d TXA
|d UtOrBLW
|
| 043 |
|
|
|a n-us---
|
| 049 |
|
|
|a TXAM
|
| 050 |
0 |
0 |
|a HE8819
|b .S76 1991
|
| 082 |
0 |
0 |
|a 384.6/0973
|2 20
|
| 100 |
1 |
|
|a Stone, Alan,
|d 1931-
|
| 245 |
1 |
0 |
|a Public service liberalism :
|b telecommunications and transitions in public policy /
|c Alan Stone.
|
| 264 |
|
1 |
|a Princeton, N.J. :
|b Princeton University Press,
|c [1991]
|
| 264 |
|
4 |
|c ©1991
|
| 300 |
|
|
|a xiv, 296 pages ;
|c 25 cm.
|
| 336 |
|
|
|a text
|b txt
|2 rdacontent
|
| 337 |
|
|
|a unmediated
|b n
|2 rdamedia
|
| 338 |
|
|
|a volume
|b nc
|2 rdacarrier
|
| 504 |
|
|
|a Includes bibliographical references and index.
|
| 650 |
|
0 |
|a Telephone
|x Government policy
|z United States
|x History.
|
| 650 |
|
0 |
|a Telephone
|z United States
|x History.
|
| 999 |
|
|
|a MARS
|
| 999 |
f |
f |
|s 11d7ec76-f189-388b-b89a-0880b9c13404
|i 68b20124-54f9-3b62-885c-19fd378462d0
|t 0
|
| 952 |
f |
f |
|p ric
|a Texas A&M University
|b Rellis Campus
|c Joint Library Facility
|d Remote Storage
|t 0
|e HE8819 .S76 1991
|h Library of Congress classification
|i unmediated -- volume
|m A14815114617
|
| 998 |
f |
f |
|a HE8819 .S76 1991
|t 0
|l Remote Storage
|